Datum a čas kvízu
24
Celkem bodů
Celkový počet nahraných bodů na tomto kvízu bez doplňovacích otázek.
7.
Pořadí na kvízu
Konečné umístění týmu na tomto kvízu.
Zaznamenané odpovědi
| # | Otázka | Odpověď | Body | Výsledky |
|---|---|---|---|---|
| 1. | Česká vláda ve středu jmenoval... | Michal Koudelka | 0 | |
| 2. | Až do pozdní noci se v pondělí... | nezvykle dlouhý stůl | 0 | |
| 3. | Novinkou letošního ročníku hud... | Adele | 1 | |
| 4. | Jedna automobilka mění podobu... | Rolls-Royce | 1 | |
| 5. | V úterý 15. února slaví své ne... | (HC Energie) Karlovy Vary | 0 | |
| 6. | Začneme jedním ze základních a... | 1D 2C 3A 4B | 0 | |
| 7. | Pokud byste se chtěli naučit k... | pravou mozkovou hemisférou | 1 | |
| 8. | Který renesanční umělec je aut... | Leonardo da Vinci | 1 | |
| 9. | Vedle klasických pastelek, jak... | akvarelové | 1 | |
| 10. | Firma Koh-i-noor Hardtmuth je... | v Českých Budějovicích | 0 |